| 000 | 00367 a2200133 4500 | ||
|---|---|---|---|
| 001 | 88442 | ||
| 082 | _aPR 657 | ||
| 090 |
_c41867 _d41867 |
||
| 100 | _aIftikhar | ||
| 245 | _aDetermination of forced convection average heat transfer co efficient "hi" | ||
| 260 |
_aKarachi _bUniversity of Karachi _c1971 |
||
| 300 | _a85p. | ||
| 500 | _aBE Project Reports | ||
| 942 |
_aUniversity of Karachi _kPR 657 |
||
| 999 |
_c323515 _d323515 |
||